Colors of the Zimbabwean Flag - Statistics

General Stats
  • This quiz has been taken 31 times
  • The average score is 5 of 5
Answer Stats
Answer % Correct
Red
96%
Yellow
96%
Black
92%
White
92%
Green
85%
No matching quizzes found
Score Distribution
Percent of People with Each Score
Percentile by Number Answered
Your Score History
You have not taken this quiz